Studijní materiály katedry ekonomiky vnitřního obchodu

Enregistré dans:
Détails bibliographiques
Auteur principal: Hadravová, Zdena
Autres auteurs: Bártová, Hilda
Format: Livre
Langue:tchèque
Publié: Praha Státní pedagogické nakladatelství 1982
Tags: Ajouter un tag
Pas de tags, Soyez le premier à ajouter un tag!

MARC

LEADER 00000nam a2200000 4500
001 c118888
005 20041019155212.7
041 0 |a cze 
044 |a CZ 
245 1 0 |a Studijní materiály katedry ekonomiky vnitřního obchodu  |c Zdena Hadravová, Hilda Bártová 
264 1 |a Praha  |b Státní pedagogické nakladatelství  |c 1982 
300 |a 184 s. 
100 1 |a Hadravová, Zdena 
700 1 |a Bártová, Hilda